Tom Hanks Movies Quiz Stats

 Plays Quiz Updated Jun 19, 2019

Score 0/50 Timer 10:00
11 Plays Today
Year Movie % Correct
2019Toy Story 4
94.3%
1994**Forrest Gump
86.6%
1988**Big
82.7%
2000**Cast Away
80.5%
1995*Toy Story
78.4%
1999*Toy Story 2
76.4%
1998**Saving Private Ryan
70.6%
1993**Philadelphia
68%
1993Sleepless in Seattle
63.7%
2006The Da Vinci Code
61.9%
1998You've Got Mail
61.9%
2016Sully
60.4%
2013Saving Mr. Banks
58.8%
2013Captain Phillips
57.1%
2004The Terminal
53.9%
1995Apollo 13
51.1%
2004*The Polar Express
50.9%
2016Inferno
49.9%
2002Catch Me If You Can
48.1%
2017The Post
47.3%
1999The Green Mile
46.7%
1989Turner & Hooch
45.9%
2015Bridge of Spies
45%
2009Angels & Demons
43.9%
1984Splash
43.5%
Year Movie % Correct
2012Cloud Atlas
40.4%
1990Joe Versus the Volcano
39.8%
2002Road to Perdition
39.7%
2010*Toy Story 3
38.1%
2007Charlie Wilson's War
36.3%
1992A League of Their Own
34.1%
1984Bachelor Party
33.2%
1986The Money Pit
30.8%
2011Extremely Loud & Incredibly Close
29.1%
2004The Ladykillers
27.3%
1996That Thing You Do!
27.2%
2017The Circle
26.5%
1989The 'Burbs
25.3%
1987Dragnet
22.1%
2016A Hologram for the King
18.6%
1985The Man With One Red Shoe
17.9%
1990The Bonfire of the Vanities
15.6%
1985Volunteers
13.7%
2015Ithaca
13.4%
1988Punchline
12.5%
2011Larry Crowne
12.1%
1986Nothing in Common
10.1%
1980He Knows You're Alone
8%
1986Every Time We Say Goodbye
6.8%
2008The Great Buck Howard
5.5%

You're not logged in!

Compare scores with friends on all Sporcle quizzes.
OR
Log In

Sporcle TV

Today on Sporcle TV


Watch our educational content, quiz creation guides, and fun videos on Sporcle TV.

Show Comments

Extras

Top Quizzes Today


Score Distribution

Your Account Isn't Verified!

In order to create a playlist on Sporcle, you need to verify the email address you used during registration. Go to your Sporcle Settings to finish the process.

Report this User

Report this user for behavior that violates our Community Guidelines.

Details: